Drama and Art in Education/ (Record no. 199692)

MARC details
000 -LEADER
fixed length control field 00846nam a22002297a 4500
005 - DATE AND TIME OF LATEST TRANSACTION
control field 20231219124036.0
010 ## - LCCN (DPL NO)
LC control number ENG-138611
020 ## - INTERNATIONAL STANDARD BOOK NUMBER
Terms of availability 9789389740189
International Standard Book Number 795.00
035 ## - SYSTEM CONTROL NUMBER
System control number EN-122143
037 ## - SOURCE OF ACQUISITION
Source of stock number/acquisition DBAD/PUB
082 ## - DEWEY DECIMAL CLASSIFICATION NUMBER
Classification number 371.832
Edition number 1
100 ## - MAIN ENTRY--PERSONAL NAME
Personal name Rao, K. Ravikanth
245 ## - TITLE STATEMENT
Title Drama and Art in Education/
Remainder of title By K. Ravikanth Rao; P. Ananad Kumar and K.N.Krishna Kumar
250 ## - EDITION STATEMENT
Edition statement 1
260 ## - PUBLICATION, DISTRIBUTION, ETC. (IMPRINT)
Place of publication, distribution, etc New Delhi
Name of publisher, distributor, etc Neelkamal Publications
Date of publication, distribution, etc 2020
270 ## - ADDRESS
Address 4764/1, 23, Ansari Road, Daryaganj
City New Delhi
Postal code 110002
Telephone number 011-23244237
-- 9811828953
Electronic mail address neelkamalbooks@gmail.com
300 ## - PHYSICAL DESCRIPTION
Extent ix,186p.
Dimensions 24cm(hbk)
Other physical details illustrations
500 ## - GENERAL NOTE
General note including biographical references and index
700 ## - ADDED ENTRY--PERSONAL NAME
Personal name P. Ananad Kumar and
Relator term Author
9 (RLIN) 59944
700 ## - ADDED ENTRY--PERSONAL NAME
Personal name K.N.Krishna Kumar
Relator term Author
9 (RLIN) 59945
942 ## - ADDED ENTRY ELEMENTS (KOHA)
Source of classification or shelving scheme Dewey Decimal Classification
Item type English Books
Classification part 371.832
Call number suffix RAO
Edition 1
Holdings
Withdrawn status Lost status Not for loan Collection code Home library Current library Date acquired Source of acquisition Cost, normal purchase price Full call number Barcode Copy number Cost, replacement price Koha item type
      Non-fiction Central Library Central Library 19/12/2023 DBAD 795.00 371.832 RAO EN-122143 1 795.00 English Books

© Delhi Public Library
Hit Counter
free hit counter